| 000 | 00575nam a2200193Ia 4500 | ||
|---|---|---|---|
| 003 | GCL | ||
| 008 | 140319s9999 xx 000 0 ara d | ||
| 040 |
_aGCL / _cGCL |
||
| 082 | 0 | 4 |
_a133.5 _bم ن |
| 100 | 1 | _aمحمد ثابت | |
| 245 | 1 | 0 |
_aنوستراداموس والتنبؤات الكبرى / _cمحمد ثابت |
| 260 |
_aالقاهرة : _bالمؤلف ، _c2006 |
||
| 300 |
_a400 ص ؛ _c24 سم |
||
| 650 | 0 | 4 | _aالتنجيم |
| 650 | 0 | 4 | _aالتنبؤات |
| 650 | 0 | 4 | _aاستطلاع المستقبل |
| 650 | 0 | 4 | _aنوستراداموس |
| 942 |
_2ddc _cBK |
||
| 999 |
_c9298 _d9298 |
||